000 00382nam a2200145Ia 4500
008 220204s9999 xx 000 0 und d
082 _a681.3
_bSCH
100 _aSchneider, G Michael
245 0 _aIntroduction to programming and problem solving with Pascal
250 _aEd.2
260 _aNew York
_bJohn Wiley
_c1982
650 _aPascal
650 _aProgramming
942 _cBK
999 _c39332
_d39332